Recherches sur la chancellerie et la diplomatique des lagides /

محفوظ في:

المؤلف الرئيسي: Collomp, Paul (مؤلف)

التنسيق: كتاب

اللغة: French

سلاسل: Publications de la Faculté des lettres de l'Université de Strasbourg ; 29.

الموضوعات:

الوسوم: إضافة وسم

لا توجد وسوم, كن أول من يضع وسما على هذه التسجيلة!

رقم الطلب: DT92 .C6

LEADER 01057nam a22002777a 4500
003 OSt
005 20260302095200.0
008 260302t1926 fr a 000 0 fre d
035 |a rdb04512311 
040 |c ARCE Library 
043 |a f-ua--- 
049 |a EARC 
050 1 4 |a DT92  |b .C6 
100 1 |a Collomp, Paul,  |e author  |9 28222 
245 1 0 |a Recherches sur la chancellerie et la diplomatique des lagides /  |c Paul Collomp. 
264 1 |a Paris :  |b Société d'Édition :  |b Les Belles Lettres,  |c 1926. 
300 |a viii, 244 pages :  |b Illustrations ;  |c 24 cm. 
490 1 |a Publications de la Faculté des lettres de l'Université de Strasbourg ;  |v 29. 
500 |a "Cet ouvrage a été présenté comme thèse ... à la Falculté des lettres de Paris en 1925." 
504 |a Bibliography : pages v-viii. 
600 3 0 |a Ptolemaic dynasty,  |d 305-30 B.C. 
651 0 |a Egypt  |x Politics and government  |y 332-30 B.C. 
830 0 |a Publications de la Faculté des lettres de l'Université de Strasbourg ;  |v 29. 
901 |a reviewed 
942 |c BK  |2 lcc 
999 |c 2832  |d 2832